| 000 | 00000nam##2200000za#4500 |
| 001 | 9.666747 |
| 003 | CaOODSP |
| 005 | 20210615123051 |
| 007 | ta |
| 008 | 150407|2005||||xxc||||| f|0| 0 eng|d |
| 020 | |a0-662-69198-9 |
| 040 | |aCaOODSP|beng |
| 041 | |aeng |
| 041 | |afre |
| 043 | |an-cn--- |
| 086 | 1 |aCR22-42/2006 |
| 110 | 2 |aSocial Sciences and Humanities Research Council of Canada. |
| 245 | 10|aSocial Sciences and Humanities Research Council - strategic plan 2006-2011 : |bknowledge council |
| 246 | 15|aKnowledge Council - SSHRC, 2006-2011 |
| 260 | |aOttawa - Ontario : |bSocial Sciences and Humanities Research Council |c2005. |
| 300 | |aEnglish text, 27p. : |bfigs., graphs ; |c25 cm. |
| 520 | 3 |aThis strategic plan presents the Council’s vision, values, and context that shape its strategic direction. To implement the plan, the Council’s actions will fall into three categories: retool and fine-tune programs; new programs, new approaches; and build the Knowledge Council. Includes a budget and a profile of the Council’s community. |
| 563 | |aSoftcover |
| 590 | |a06-35|b2006-09-01 |
| 690 | 07|aHumanities|2gcpds |
| 690 | 07|aSocial sciences|2gcpds |
| 690 | 07|aStrategic management|2gcpds |
| 776 | 0#|tPlan stratégique 2006-2011 |w(CaOODSP)9.632137 |
| 776 | 0#|tStrategic plan 2006-2011 |w(CaOODSP)9.687693 |
| 792 | |tConseil de recherches en sciences humaines du Canada - plan stratégique 2006-2011 : |efre|w(CaOODSP)9.666748 |